Normal view
MARC view
Entry Personal Name
001 - CONTROL NUMBER
- control field: 29840
003 - CONTROL NUMBER IDENTIFIER
- control field: dpl
005 - DATE AND TIME OF LATEST TRANSACTION
- control field: 20110721150404.0
008 - FIXED-LENGTH DATA ELEMENTS
- fixed length control field: 110721|||a|||||| | ||| d
040 ## - CATALOGING SOURCE
- Original cataloging agency: dpl
- Transcribing agency: dpl
100 ## - HEADING--PERSONAL NAME
- Personal name: Gowda, Venkatramana
670 ## - SOURCE DATA FOUND
- Source citation: Work cat.: (dpl)51489: Gowda, Venkatramana, The Day the vegetables came to School /, 2010
670 ## - SOURCE DATA FOUND
- Source citation: Work cat.: (dpl)51489: Gowda, Venkatramana, The Day the vegetables came to School /, 2010
